header

Human resource management applications / (Record no. 256110)

MARC details
000 -LEADER
fixed length control field 01501cam a2200373 a 4500
001 - CONTROL NUMBER
control field 16264564
003 - CONTROL NUMBER IDENTIFIER
control field OSt
005 - DATE AND TIME OF LATEST TRANSACTION
control field 20170307141144.0
008 - FIXED-LENGTH DATA ELEMENTS--GENERAL INFORMATION
fixed length control field 100603s2011 ohua 000 0 eng d
010 ## - LIBRARY OF CONGRESS CONTROL NUMBER
LC control number 2010929947
020 ## - INTERNATIONAL STANDARD BOOK NUMBER
International Standard Book Number 9780538468077 (pbk.)
International Standard Book Number 0538468076 (pbk.)
035 ## - SYSTEM CONTROL NUMBER
System control number (OCoLC)ocn607978060
040 ## - CATALOGING SOURCE
Original cataloging agency BTCTA
Language of cataloging eng
Transcribing agency BTCTA
Modifying agency YDXCP
-- TXA
-- DLC
042 ## - AUTHENTICATION CODE
Authentication code lccopycat
050 00 - LIBRARY OF CONGRESS CALL NUMBER
Classification number HF5549
Item number .N56 2011
100 1# - MAIN ENTRY--PERSONAL NAME
Personal name Nkomo, Stella M.,
Dates associated with a name 1947-
245 10 - TITLE STATEMENT
Title Human resource management applications /
Statement of responsibility, etc Stella M. Nkomo, Myron D. Fottler, R. Bruce McAfee.
246 14 - VARYING FORM OF TITLE
Title proper/short title Human resource management applications : cases, exercises, incidents, and skill builders
250 ## - EDITION STATEMENT
Edition statement 7th ed.
260 ## - PUBLICATION, DISTRIBUTION, ETC. (IMPRINT)
Place of publication, distribution, etc Mason, OH :
Name of publisher, distributor, etc South-Western Cengage Learning,
Date of publication, distribution, etc c2011.
300 ## - PHYSICAL DESCRIPTION
Extent xii, 308 p. :
Other physical details ill. ;
Dimensions 24 cm.
650 #0 - SUBJECT ADDED ENTRY--TOPICAL TERM
Topical term or geographic name as entry element Personnel management
Form subdivision Case studies.
Topical term or geographic name as entry element Personnel management
Form subdivision Problems, exercises, etc.
700 1# - ADDED ENTRY--PERSONAL NAME
Personal name Fottler, Myron D.
Personal name McAfee, R. Bruce.
856 42 - ELECTRONIC LOCATION AND ACCESS
Materials specified Contributor biographical information
Uniform Resource Identifier <a href="http://www.loc.gov/catdir/enhancements/fy1105/2010929947-b.html">http://www.loc.gov/catdir/enhancements/fy1105/2010929947-b.html</a>
Materials specified Publisher description
Uniform Resource Identifier <a href="http://www.loc.gov/catdir/enhancements/fy1105/2010929947-d.html">http://www.loc.gov/catdir/enhancements/fy1105/2010929947-d.html</a>
Materials specified Table of contents only
Uniform Resource Identifier <a href="http://www.loc.gov/catdir/enhancements/fy1105/2010929947-t.html">http://www.loc.gov/catdir/enhancements/fy1105/2010929947-t.html</a>
906 ## - LOCAL DATA ELEMENT F, LDF (RLIN)
a 7
b cbc
c copycat
d 3
e epcn
f 20
g y-gencatlg
942 ## - ADDED ENTRY ELEMENTS (KOHA)
Source of classification or shelving scheme Library of Congress Classification
Koha item type Long Loan Books
Holdings
Withdrawn status Lost status Source of classification or shelving scheme Damaged status Not for loan Collection code Home library Current library Shelving location Date acquired Total Checkouts Full call number Barcode Date last seen Price effective from Koha item type
    Library of Congress Classification     Non-fiction Rongo University Library Rongo University Library General Stacks 07/03/2017   HF5549 .N56 2011 201614894 07/03/2017 07/03/2017 Long Loan Books
    Library of Congress Classification     Non-fiction Rongo University Library Rongo University Library General Stacks 18/06/2020   HF5549 .N56 2011 201901992 18/06/2020 18/06/2020 Long Loan Books

© 2026 Rongo University
Contact us: librarian | system librarian | Rongo university